| LEADER | 00863nam a2200229 i 4500 | ||
|---|---|---|---|
| 001 | 10096056 | ||
| 003 | GR-PaULI | ||
| 005 | 20210117210619.0 | ||
| 008 | 180507s1989 fr a f fre d | ||
| 020 | |a 2091886114 | ||
| 040 | |a GR-PaULI |b gre |c GR-PaULI |e AACR2 | ||
| 082 | 0 | 4 | |2 23 |a 842.4 |
| 100 | 1 | |a Got, Olivier. |9 168692 |e συγγραφέας | |
| 245 | 1 | 0 | |a Moliere Dom Juan / |c Olivier Got. |
| 260 | |a Paris : |b Nathan, |c 1989. | ||
| 300 | |a 108 σ. ; |c 18 εκ. | ||
| 490 | 0 | |a Balises. | |
| 600 | 1 | 4 | |a Δον Ζουάν (Μυθιστορηματικός χαρακτήρας) στη λογοτεχνία |9 103092 |
| 942 | |2 ddc |c BK15 | ||
| 952 | |0 0 |1 0 |2 ddc |4 0 |6 842_400000000000000_MOL_GOT |7 0 |9 221895 |a THST |b THST |d 2018-05-07 |i 002500 |l 0 |o 842.4 MOL GOT |p 025000010043 |r 2018-05-07 00:00:00 |t 1 |v 2018.00 |w 2018-05-07 |y BK15 | ||
| 998 | |c ΜΑΝΙΑ |d 2018-05 | ||
| 999 | |c 134088 |d 134088 | ||